E-Commerce Business.Technology.Society (Record no. 347387)
[ view plain ]
| 000 -LEADER | |
|---|---|
| fixed length control field | 00282 a2200109 4500 |
| 090 ## - LOCALLY ASSIGNED LC-TYPE CALL NUMBER (OCLC); LOCAL CALL NUMBER (RLIN) | |
| -- | 4959 |
| -- | 4959 |
| 100 ## - MAIN ENTRY--PERSONAL NAME | |
| Personal name | Kenneth C.Laudon |
| 245 ## - TITLE STATEMENT | |
| Title | E-Commerce Business.Technology.Society |
| 250 ## - EDITION STATEMENT | |
| Edition statement | 4th Ed |
| 260 ## - PUBLICATION, DISTRIBUTION, ETC. | |
| Place of publication, distribution, etc. | Pearson Education |
| Name of publisher, distributor, etc. | New York |
| Date of publication, distribution, etc. | 2009 |
| 942 ## - ADDED ENTRY ELEMENTS (KOHA) | |
| Institution code [OBSOLETE] | NBS |
| Koha item type | Book |
| Call number prefix | 658.872 LAU |
| Withdrawn status | Lost status | Damaged status | Not for loan | Permanent Location | Current Location | Date acquired | Total Checkouts | Full call number | Barcode | Date last seen | Price effective from | Koha item type |
|---|---|---|---|---|---|---|---|---|---|---|---|---|
| Central Library (CL) | Central Library (CL) | 08/28/2013 | 658.872 LAU | NBS8109 | 08/28/2013 | 08/28/2013 | Book |
